| 000 | 01192nam a22003257a 4500 | ||
|---|---|---|---|
| 003 | CHAP | ||
| 005 | 20220329134310.0 | ||
| 008 | 971013s1980 r 00010 d | ||
| 010 | _a18350 | ||
| 011 | _a19322 | ||
| 035 | _a23407 | ||
| 040 | _cCHAP | ||
| 090 | _aTesis | ||
| 100 | 0 | 0 |
_aJurado Sylvia, Carlos. _962520 |
| 245 | _aFormación de un sintético de girasol (Helianthus annuus L.) Tecmon-3, por medio de la selección masal moderna, a partir de una mezcla de diecisiete híbridos y variedades | ||
| 260 |
_a(Monterrey, N.L.) : _bEl autor, _c1980 |
||
| 300 |
_a60 h. _b; gráfs |
||
| 502 | _aTesis (Ing. Agrónomo en Producción Agropecuaria) -- ITESM. Div. de Ciencias Agropecuarias y Marítimas | ||
| 590 |
_aALEPH _b10 _c20130110 _lUCH01 _h1241 |
||
| 590 |
_aBATCH-UPD _b10 _c20130110 _lUCH01 _h2130 |
||
| 590 |
_aBATCH-UPD _b10 _c20130410 _lUCH01 _h1439 |
||
| 590 |
_aBATCH-UPD _b10 _c20130914 _lUCH01 _h1543 |
||
| 590 |
_aCONVERSION _b10 _c20130109 _lUCH01 _h1311 |
||
| 650 | 1 | 4 |
_aGirasol _xHíbridos. _948154 |
| 650 | 1 | 4 |
_aGirasol _xSelección masal. _948174 |
| 650 | 1 | 4 |
_aGirasol _xVariedades. _948186 |
| 901 | _aBK | ||
| 942 | _cTESIS | ||
| 949 |
_bBC _cTES _d-54472 _eTS1 _i23407 _si |
||
| 999 |
_c18350 _d18350 |
||